| 000 | 00379nam a22001217a 4500 | ||
|---|---|---|---|
| 082 | _a200 THE | ||
| 100 |
_aZaki Zahid _969438 |
||
| 245 | _aTH-SOF-1564-Emotion Recognition in Videos Using Multi-modal Information | ||
| 260 |
_aISLAMABAD _bNUST COLLEGE OF EME _c2018 |
||
| 650 | _aMS-COMPUTER ENGINEERING-81 MSTHESIS | ||
| 700 |
_aAdvisor Dr. Arslan Shaukat _969378 |
||
| 942 | _cCF | ||
| 999 |
_c576717 _d576717 |
||